| 000 | 00651nam a2200229Ia 4500 | ||
|---|---|---|---|
| 999 |
_c4338 _d4338 |
||
| 020 | _a1-57230-626-2 | ||
| 082 | _a331.4816592 GRU-W | ||
| 100 | _aGrunig, Larissa A. | ||
| 245 | 0 | _aWomen in public relations: how gender influences practice | |
| 260 |
_aNew York _bGuilford Press _c2001 |
||
| 300 | _axxi, 424 | ||
| 440 | _aThe gulford communication series | ||
| 504 | _aincludes index | ||
| 650 | _aPublic relations | ||
| 650 | _aSex role in the work environment | ||
| 650 |
_aWomen _vIdentity |
||
| 650 | _aWomen executives | ||
| 650 | _aWomen executives | ||
| 700 | _aHon, Linda Childers | ||
| 700 | _aToth, Elizabeth Lance | ||
| 942 | _cBK | ||